Neuropsicología clínica infantil: intervenciones terapéutucas en TGD, autismo, asperger, síndrome de Rett (Registro nro. 9977)
[ vista simple ]
| 000 -CABECERA | |
|---|---|
| campo de control de longitud fija | 00615nam a22002057a 4500 |
| 005 - FECHA Y HORA DE ACTUALIZACIÓN | |
| campo de control | 20171123111731.0 |
| 008 - LONGITUD FIJA | |
| campo de control de longitud fija | 160912b xxu||||| |||| 00| 0 spa d |
| 020 ## - INTERNATIONAL STANDARD BOOK NUMBER | |
| Número Internacional Estándar del Libro | 9789875913394 |
| 041 ## - IDIOMA | |
| Código de idioma del texto/pista de sonido o título separado | |
| 082 ## - CLASIFICACIÓN DECIMAL DEWEY | |
| Número de clasificación | 155 A774n |
| 100 ## - AUTOR PERSONAL | |
| Nombre de persona | Arrebillaga, María Elisa |
| 245 ## - TÍTULO PROPIAMENTE DICHO | |
| Título | Neuropsicología clínica infantil: intervenciones terapéutucas en TGD, autismo, asperger, síndrome de Rett |
| 260 ## - PIE DE IMPRENTA | |
| Lugar de publicación, distribución, etc. | Colombia |
| 260 ## - PIE DE IMPRENTA | |
| Nombre del editor, distribuidor, etc. | Brujas |
| 300 ## - DESCRIPCIÓN FÍSICA | |
| Extensión | 160 páginas |
| 650 ## - Materia General | |
| Materia general | NEUROPSICOLOGÍA |
| 650 ## - Materia General | |
| Materia general | TRASTORNO AUTÍSTICO |
| 650 ## - Materia General | |
| Materia general | DISCAPACIDAD INTELECTUAL |
| 942 ## - Punto de Acceso Adicional Koha | |
| Tipo de ítem Koha | Libro |
| Estado perdido | Estado dañado | No para préstamo | Biblioteca permanente | Biblioteca actual | Signatura completa | Código de barras | Precio efectivo a partir del | Tipo de ítem |
|---|---|---|---|---|---|---|---|---|
| Departamento de Biblioteca y Documentación Alfonso Chase Brenes | Departamento de Biblioteca y Documentación Alfonso Chase Brenes | 155 A774n | 19427 | 23/11/2017 | Libro |